| Tag |
First Indicator |
Second Indicator |
Subfields |
| LEADER |
00000cam a2200000 a 4500 |
| 001 |
in00000658917 |
| 005 |
20151015071935.0 |
| 008 |
801211s1980 nyu b 00010 engmd |
| 010 |
|
|
|a 80021271
|
| 020 |
|
|
|a 0374237034
|
| 035 |
|
|
|a (OCoLC)07030945
|
| 035 |
|
|
|9 ACW9261AM
|
| 040 |
|
|
|a WLU
|c WLU
|d m.c.
|d TXA
|d UtOrBLW
|
| 049 |
|
|
|a TXAM
|c [1632867]
|
| 050 |
0 |
0 |
|a PR6058.E2
|b P7 1980
|
| 090 |
|
|
|a PR6058.E2
|b P7 1980a
|
| 100 |
1 |
|
|a Heaney, Seamus,
|d 1939-2013.
|
| 245 |
1 |
0 |
|a Preoccupations :
|b selected prose, 1968-1978 /
|c Seamus Heaney.
|
| 264 |
|
1 |
|a New York :
|b Farrar, Straus, Giroux,
|c 1980.
|
| 300 |
|
|
|a 224 pages, 2 unnumbered pages ;
|c 22 cm.
|
| 336 |
|
|
|a text
|b txt
|2 rdacontent
|
| 337 |
|
|
|a unmediated
|b n
|2 rdamedia
|
| 338 |
|
|
|a volume
|b nc
|2 rdacarrier
|
| 504 |
|
|
|a Bibliography: pages [225]-[226].
|
| 999 |
|
|
|a MARS
|
| 999 |
f |
f |
|s efc9b8f2-3b14-325f-9902-f7726f5f7176
|i cd688014-7dc7-3d51-b1b0-bf1c4d0c0831
|t 0
|
| 952 |
f |
f |
|p normal
|a Texas A&M University
|b College Station
|c Sterling C. Evans Library
|d Evans: Library Stacks
|t 0
|e PR6058.E2 P7 1980a
|h Library of Congress classification
|i unmediated -- volume
|m A14804016872
|
| 998 |
f |
f |
|a PR6058.E2 P7 1980a
|t 0
|l Evans: Library Stacks
|